Pautas para la evaluación de acuerdos de transferencia de tecnología.
Guardado en:
| Autor Corporativo: | |
|---|---|
| Formato: | Libro |
| Idioma: | Spanish |
| Publicado: |
Viena :
Organización de las naciones unidas para el desarrollo industrial,
1981.
|
| Materias: | |
| Etiquetas: |
Agregar Etiqueta
Sin Etiquetas, Sea el primero en etiquetar este registro!
|
| LEADER | 00799nam a22002055a 4500 | ||
|---|---|---|---|
| 001 | EEO.bibeco007325 | ||
| 003 | AR-BaUEB | ||
| 005 | 20110412134610.0 | ||
| 008 | 080718s1981####au############000#0#spa#d | ||
| 245 | 1 | 0 | |a Pautas para la evaluación de acuerdos de transferencia de tecnología. |
| 260 | |a Viena : |b Organización de las naciones unidas para el desarrollo industrial, |c 1981. | ||
| 300 | |a 83 p. | ||
| 502 | |a Serie desarrollo y transferencia de tecnología, nº 12 | ||
| 110 | 2 | |a Organización de las naciones unidas para el desarrollo industrial. |b Viena. | |
| 082 | 0 | 4 | |a 338.064 |
| 653 | |a Transferencia de tecnologia | ||
| 653 | |a Cooperación tecnológica | ||
| 653 | |a Convenios de licencias | ||
| 653 | |a Investigacion y desarrollo | ||
| 859 | |a AR-BaUEB |b BIB. ECONOMIA - General |h 338.064 |i Or14-1 |p e09875 | ||
